000 00467nam a22001697a 4500
999 _c22303
_d22303
003 BDDh-ASL
005 20231015030120.0
008 210224s1984 ii ||||| |||| 00| 0 eng d
040 _aBDDh-ASL
_cBDDh-ASL
082 _a954
_bLEW
100 1 _93198
_aLewin, T. H.
245 1 0 _aWild Races of The Eastern Frontier of India /
260 _aDelhi:
_bMittal Publications,
_c1984.
300 _a352 p. :
_c22 cm.
651 0 _9722
_aIndia
_xHistory
942 _2ddc
_cBK